000
00298nam a22001337a 4500
008
170320b xxu||||| |||| 00| 0 eng d
020
_a
061421502
041
_a
eng
080
_a
616.8
100
_a
7
101
_a
SHM
245
_a
INTRODUCTION TO NEURORADIOLOGY
_c
PETERSON, H.O
942
_2
udc
_c
BK
999
_c
8088
_d
8088